000 00439nam a2200157 i 4500
001 42405
003 ES-MaACL
005 20230906160614.0
007 t|
008 030313s1978 pr ||||1| spa d
100 1 _aCastrillo, Primo.
_936815
245 1 0 _aHermano del viento /
_cPrimo Castrillo.
260 _aSan Juan de Puerto Rico :
_bJuan Ponce de León,
_c1978.
300 _a164 p. ;
_c22 cm.
852 _aES-MaACL
_jA-10155
_bR.99280
999 _c42405
_d42405